City to Country Quiz #1 - Statistics

General Stats
  • This quiz has been taken 155,621 times
    142,257 since last reset
  • The average score is 16 of 27
Answer Stats
City Country % Correct
Kyoto Japan
91%
Stuttgart Germany
90%
Guadalajara Mexico
83%
Montevideo Uruguay
81%
Porto Portugal
78%
Darwin Australia
74%
Nicosia Cyprus
70%
Gdansk Poland
68%
Cagliari Italy
66%
Odessa Ukraine
64%
Chennai India
63%
Luxor Egypt
62%
Jeddah Saudi Arabia
62%
Saskatoon Canada
61%
Khartoum Sudan
61%
Dakar Senegal
60%
Medellin Colombia
58%
Bergen Norway
58%
Yakutsk Russia
57%
Haifa Israel
55%
Durban South Africa
54%
San Bernardino United States
50%
Basra Iraq
41%
Brno Czech Republic
39%
Shiraz Iran
37%
Kalamata Greece
34%
Camagüey Cuba
13%
No matching quizzes found
Score Distribution
Percent of People with Each Score
Percentile by Number Answered
Your Score History
You have not taken this quiz since the last reset